| 000 | 00869nab a2200253 u 4500 | ||
|---|---|---|---|
| 001 | 19973 | ||
| 003 | HDC | ||
| 007 | cr bn ---aaaaa | ||
| 008 | 210303c |r|noo 0 a d | ||
| 040 | _aHDC | ||
| 100 |
_aNestorovic, Cedomir, _eauthor _916528 |
||
| 245 | 0 |
_aHOW FAR SHOULD COMPANIES GO TO CATER TO MUSLIM TRAVELLERS? / _cby Cedomir Nestorovic |
|
| 260 |
_a[No place] : _b[publisher not identified], _c2016 |
||
| 336 |
_atext _2rdacontent |
||
| 337 |
_acomputer _2rdamedia |
||
| 338 |
_aonline resource _2rdacarrier |
||
| 650 |
_aMuslim traveler _918208 |
||
| 650 |
_aTourism industry _92298 |
||
| 710 | _aTTG ASIA | ||
| 856 | _zRequest full-text at [email protected] | ||
| 942 | _2lcc | ||
| 942 | _cNEWS | ||
| 942 | _kNWSO 009870 | ||
| 999 |
_c17289 _d17289 |
||